|
|
|
|
| LEADER |
01356nam a2200289 u 4500 |
| 001 |
10039751 |
| 003 |
upatras |
| 005 |
20231025102210.0 |
| 008 |
010419s1998 gr gre |
| 020 |
|
|
|a 9603444766
|
| 040 |
|
|
|a GR-PaULI
|c GR-PaULI
|
| 041 |
0 |
|
|a gre
|
| 082 |
0 |
4 |
|a 182
|
| 100 |
1 |
|
|a Πρωτόπαπα-Κανάκη, Σοφία
|9 28304
|
| 245 |
1 |
0 |
|a Φυσική-επιστημονική σκέψη στη φιλοσοφία της παιδείας των αρχαίων ελλήνων
|b από τον Θαλή μέχρι τον Σωκράτη
|c Σοφία Κανάκη Πρωτόπαπα; επιμέλεια-διόρθωση: Μαρία Αποστολοπούλου
|
| 260 |
|
|
|a Αθήνα
|b Ελληνικά Γράμματα
|c 1998
|
| 300 |
|
|
|a 306 σ.
|c 24 εκ.
|
| 490 |
0 |
|
|a Φιλοσοφία
|
| 504 |
|
|
|a Περιλαμβάνει βιβλιογραφία
|
| 650 |
|
4 |
|9 366
|a Προσωκρατικοί
|
| 700 |
1 |
|
|a Αποστολοπούλου, Μαρία
|4 edt
|9 575
|
| 760 |
0 |
|
|a Φιλοσοφία
|
| 852 |
|
|
|a GR-PaULI
|b ΠΑΤΡΑ
|b ΦΙΛΟΣΟΦΙΑ
|k ΑΣΧΕ-4
|h 182 P
|m 599
|p 025000096937
|t 1
|
| 942 |
|
|
|2 ddc
|c BK15
|
| 952 |
|
|
|0 0
|1 0
|4 0
|6 182_000000000000000_P
|7 0
|9 26441
|a PHIL
|b PHIL
|d 2016-04-24
|i 599
|l 0
|o 182 P
|p 025000096937
|r 2016-04-24 00:00:00
|t 1
|w 2016-04-24
|y BK15
|
| 998 |
|
|
|c Μπουζαμανάκη
|d 2001-04
|
| 999 |
|
|
|c 16861
|d 16861
|